Schlag den Star - Wer ist das? (5) - Statistiken

Allgemein
  • Dieses Quiz wurde 195 mal gespielt
  • Das Durchschnittsergebnis liegt bei 33 aus 100
Antwortstatistiken
Bildquiz Antwort % Korrekt
Pietro Lombardi
94%
Heidi Klum
93%
Robert Lewandowski
86%
Patrick Star
84%
Frank Rosin
81%
Kim Possible
81%
Antonio Rüdiger
77%
Serena Williams
77%
Billie Eilish
76%
Mario Basler
76%
Max Verstappen
75%
Marilyn Monroe
70%
Bill Clinton
69%
Markus Lanz
69%
Selfiesandra
64%
Jörg Pilawa
63%
Napoleon Bonaparte
63%
Robin Williams
63%
Dieter Hallervorden
61%
Dua Lipa
61%
Roberto Blanco
61%
Phil Laude
59%
Post Malone
59%
Julia Roberts
58%
LeBron James
57%
Paul Pogba
57%
Anton Hofreiter
56%
Tomatolix
53%
Daniel Hartwich
51%
Jennifer Lopez
51%
Felix Neureuther
50%
Sascha Grammel
46%
Karl Dall
44%
Lionel Richie
41%
David Bowie
40%
Joanne K. Rowling
38%
Bastian Bielendorfer
37%
Ayliva
36%
König Triton
35%
Macaulay Culkin
35%
Heintje
34%
Kyle Broflovski
34%
Olivia Rodrigo
34%
Wolfgang Joop
33%
Bürger Lars Dietrich
31%
Mia Julia
31%
Reese Witherspoon
31%
Micaela Schäfer
30%
Anna Kendrick
29%
Tom Hardy
29%
Gustav Schäfer
28%
Camilla Cabello
27%
Jeremy Fragrance
26%
Josefine Preuß
26%
Rúrik Gíslason
26%
Dakota Johnson
24%
Klaus Meine
24%
Rolf Zuckowski
24%
Jessica Alba
22%
Peter Hase
21%
Tate McRae
21%
Benson Boone
19%
Daniel Jung
19%
Ruby O. Fee
18%
The Kid Laroi
18%
Thomas Frank
18%
Bob Andrews
17%
Fiona Erdmann
17%
König Carl Gustav
14%
Susanne Martin
14%
Albrecht Dürer
13%
Lea Wagner
13%
Vanessa Paradis
12%
Paul von Hindenburg
11%
Julian Weber
10%
Susanne Steiger
9%
Karl der Große
8%
Agnetha Fältskog
7%
Cornelia Funke
7%
Hans Meiser
7%
Emanuel Buchmann
6%
Susie Wolff
6%
Suzanne von Borsody
6%
Svenja Jung
6%
Viola Davis
6%
Brian Johnson
4%
Hannah Arendt
4%
Harriet Herbig-Matten
4%
Marcel Fratzscher
4%
Rainn Wilson
4%
Doris Dörrie
2%
Elisabeth Moss
2%
Martin Heidegger
2%
Mona Kasten
2%
Stella McCartney
2%
Deborah Feldmann
1%
Jean-Jacque Rousseau
1%
Ludwig Tieck
1%
Tim McGraw
1%
Gudrun Sjördén
0%
Keine übereinstimmenden Quizze gefunden
Verteilung der Resultate
Anzahl Personen mit jedem Resultat
Perzentil nach korrekt beantworteten Fragen
Ihre Resultats-Entwicklung
Sie haben dieses Quiz noch nicht gespielt